| 000 | 00000nam##2200000za#4500 |
| 001 | 9.580963 |
| 003 | CaOODSP |
| 005 | 20231208112832 |
| 007 | cr ||||||||||| |
| 008 | 150406|2011||||xxc|||||o f|0| 0 eng|d |
| 040 | |aCaOODSP|beng |
| 043 | |an-cn--- |
| 086 | 1 |aPS83-5/R245E-PDF |
| 110 | 1 |aCorrectional Service Canada. |bResearch Branch. |
| 245 | 10|aCorrelates and trajectories to self-injurious behaviour in federally sentenced women / |h[electronic resource]|cPrepared by: Jenelle Power. |
| 260 | |aOttawa - Ontario : |bCorrectional Service Canada. |cJune 2011. |
| 300 | |a1p. |
| 490 | 1 |aResearch at a glance|vR-245 |
| 590 | |a14-17-Supp|b2014-10-09 |
| 775 | 08|tCorrélats de l'automutilation et trajectoires vers ce comportement chez les délinquantes sous responsabilité fédérale / |w(CaOODSP)9.607861 |
| 830 | #0|aResearch at a glance (Correctional Service Canada)|vR-245|w(CaOODSP)9.506649 |
| 856 | 40|ahttp://publications.gc.ca|qPDF|s90 KB|uhttps://publications.gc.ca/collections/collection_2014/scc-csc/PS83-5-R245-eng.pdf|yR-245 |